[Event "ODJM A 2024"]
[Site "Willingen GER"]
[Date "2024.05.19"]
[Round "2"]
[White "Frohnhäuser, Simon"]
[Black "Ellinger, Maximilian"]
[Result "1/2-1/2"]
[Termination "normal"]
[Board "18"]
[WhiteElo "1985"]
[BlackElo "1818"]
[WhiteClock "00:01:05"]
[BlackClock "00:01:11"]
[PlyCount "68"]
[WhiteFideId "16208528"]
[BlackFideId "34631003"]
[EventCountry "GER"]
[EventRounds "9"]
[EventType "swiss"]
[EventDate "2024.05.18"]

1. e4 {[%clk 01:30:57]} {[%emt 00:00:03]} e6 {[%clk 01:30:47]} {[%emt
00:00:14]} 2. d4 {[%clk 01:31:22]} {[%emt 00:00:05]} d5 {[%clk 01:31:14]}
{[%emt 00:00:03]} 3. e5 {[%clk 01:31:46]} {[%emt 00:00:05]} c5 {[%clk
01:31:38]} {[%emt 00:00:07]} 4. c3 {[%clk 01:32:11]} {[%emt 00:00:05]} Nc6
{[%clk 01:31:36]} {[%emt 00:00:32]} 5. Nf3 {[%clk 01:32:33]} {[%emt 00:00:08]}
Bd7 {[%clk 01:31:53]} {[%emt 00:00:13]} 6. a3 {[%clk 01:31:53]} {[%emt
00:01:10]} f6 {[%clk 01:30:27]} {[%emt 00:01:56]} 7. Be2 {[%clk 01:08:48]}
{[%emt 00:23:35]} fxe5 {[%clk 01:28:33]} {[%emt 00:02:24]} 8. dxe5 {[%clk
01:07:25]} {[%emt 00:01:53]} Qc7 {[%clk 01:26:39]} {[%emt 00:02:23]} 9. O-O
{[%clk 01:00:34]} {[%emt 00:07:21]} Nxe5 {[%clk 01:20:26]} {[%emt 00:06:43]}
10. Nxe5 {[%clk 01:00:29]} {[%emt 00:00:36]} Qxe5 {[%clk 01:20:52]} {[%emt
00:00:04]} 11. Re1 {[%clk 01:00:55]} {[%emt 00:00:04]} Nf6 {[%clk 01:12:47]}
{[%emt 00:08:34]} 12. Bf3 {[%clk 00:53:22]} {[%emt 00:08:03]} Qf5 {[%clk
01:07:59]} {[%emt 00:05:19]} 13. c4 {[%clk 00:48:31]} {[%emt 00:05:21]} O-O-O
{[%clk 01:04:04]} {[%emt 00:04:24]} 14. Nc3 {[%clk 00:47:08]} {[%emt 00:01:53]}
Bc6 {[%clk 00:55:16]} {[%emt 00:09:18]} 15. Qe2 {[%clk 00:47:30]} {[%emt
00:00:08]} Re8 {[%clk 00:54:43]} {[%emt 00:01:03]} 16. b4 {[%emt 00:05:16]} Bd6
{[%clk 00:51:05]} {[%emt 00:04:07]} 17. b5 {[%clk 00:37:22]} {[%emt 00:05:54]}
Bd7 {[%clk 00:51:14]} {[%emt 00:00:21]} 18. a4 {[%clk 00:32:43]} {[%emt
00:05:10]} h5 {[%clk 00:48:49]} {[%emt 00:02:54]} 19. Bd2 {[%clk 00:10:39]}
{[%emt 00:22:33]} Ng4 {[%clk 00:38:25]} {[%emt 00:10:54]} 20. cxd5 {[%clk
00:05:34]} {[%emt 00:05:35]} exd5 {[%clk 00:35:23]} {[%emt 00:03:32]} 21. Qd1
{[%clk 00:04:09]} {[%emt 00:01:55]} Bxh2+ {[%clk 00:31:48]} {[%emt 00:05:16]}
22. Kf1 {[%clk 00:04:37]} Qd3+ {[%clk 00:28:40]} {[%emt 00:02:28]} 23. Re2
{[%clk 00:04:01]} {[%emt 00:01:06]} Rhf8 {[%clk 00:16:50]} {[%emt 00:12:20]}
24. Nxd5 {[%clk 00:03:13]} {[%emt 00:01:19]} Bd6 {[%clk 00:08:11]} {[%emt
00:09:09]} 25. Kg1 {[%clk 00:00:38]} {[%emt 00:03:05]} Rxe2 {[%clk 00:03:58]}
{[%emt 00:04:43]} 26. Qxe2 {[%clk 00:01:05]} {[%emt 00:00:03]} Qxe2 {[%clk
00:02:29]} {[%emt 00:01:59]} 27. Bxe2 {[%clk 00:01:34]} Rxf2 {[%clk 00:02:17]}
{[%emt 00:00:42]} 28. Re1 {[%clk 00:00:36]} {[%emt 00:05:15]} Rf8 {[%clk
00:02:00]} 29. Bf3 {[%clk 00:00:47]} Bh2+ {[%clk 00:01:29]} {[%emt 00:00:03]}
30. Kh1 {[%clk 00:01:02]} {[%emt 00:00:02]} Bg3 {[%clk 00:01:45]} {[%emt
00:00:02]} 31. Rc1 {[%clk 00:00:48]} {[%emt 00:00:05]} Bf2 {[%clk 00:01:17]}
{[%emt 00:00:18]} 32. Ne7+ {[%clk 00:00:44]} {[%emt 00:00:35]} Kb8 {[%clk
00:01:23]} {[%emt 00:00:23]} 33. Bc3 {[%clk 00:00:43]} {[%emt 00:00:31]} Nf6
{[%clk 00:01:02]} {[%emt 00:00:52]} 34. Be5+ {[%clk 00:01:05]} {[%emt
00:00:08]} Ka8 {[%clk 00:01:11]} {[%emt 00:00:21]} 1/2-1/2

[Event "ODJM A 2024"]
[Site "Willingen GER"]
[Date "2024.05.19"]
[Round "2"]
[White "Uhlmann, Tim"]
[Black "Seitz, Manuel"]
[Result "1-0"]
[Termination "normal"]
[Board "19"]
[WhiteElo "1920"]
[BlackElo "1882"]
[WhiteClock "00:46:12"]
[BlackClock "00:08:53"]
[PlyCount "105"]
[WhiteFideId "16239210"]
[BlackFideId "16215770"]
[EventCountry "GER"]
[EventRounds "9"]
[EventType "swiss"]
[EventDate "2024.05.18"]

1. e4 {[%clk 01:30:58]} {[%emt 00:00:01]} e5 {[%clk 01:30:45]} {[%emt
00:00:16]} 2. Nf3 {[%clk 01:31:24]} {[%emt 00:00:03]} Nc6 {[%clk 01:31:07]}
{[%emt 00:00:09]} 3. Bc4 {[%clk 01:31:51]} {[%emt 00:00:04]} Bc5 {[%clk
01:30:44]} {[%emt 00:00:53]} 4. O-O {[%clk 01:32:12]} {[%emt 00:00:09]} Nf6
{[%clk 01:30:46]} {[%emt 00:00:27]} 5. d4 {[%clk 01:32:38]} {[%emt 00:00:04]}
Bxd4 {[%clk 01:28:08]} {[%emt 00:03:08]} 6. Nxd4 {[%clk 01:32:50]} {[%emt
00:00:18]} Nxd4 {[%clk 01:28:01]} {[%emt 00:00:38]} 7. Bg5 {[%clk 01:33:01]}
{[%emt 00:00:18]} d6 {[%clk 00:56:48]} {[%emt 00:31:43]} 8. f4 {[%clk
01:31:05]} {[%emt 00:02:25]} Be6 {[%clk 00:55:00]} {[%emt 00:02:18]} 9. Na3
{[%clk 01:30:40]} {[%emt 00:00:56]} Qd7 {[%clk 00:47:49]} {[%emt 00:07:41]} 10.
fxe5 {[%clk 01:26:06]} {[%emt 00:05:04]} dxe5 {[%clk 00:45:28]} {[%emt
00:02:51]} 11. Bxf6 {[%clk 01:24:20]} {[%emt 00:02:16]} gxf6 {[%clk 00:45:18]}
{[%emt 00:00:39]} 12. c3 {[%clk 01:24:03]} {[%emt 00:00:48]} Nc6 {[%clk
00:42:24]} {[%emt 00:03:24]} 13. Qxd7+ {[%clk 01:24:05]} {[%emt 00:00:27]} Kxd7
{[%clk 00:38:18]} {[%emt 00:04:37]} 14. Rxf6 {[%clk 01:23:13]} {[%emt
00:01:22]} Ke7 {[%clk 00:33:54]} {[%emt 00:04:54]} 15. Raf1 {[%clk 01:23:33]}
{[%emt 00:00:09]} Bxc4 {[%clk 00:33:48]} {[%emt 00:00:37]} 16. Nxc4 {[%clk
01:23:55]} {[%emt 00:00:08]} Raf8 {[%clk 00:30:16]} {[%emt 00:04:01]} 17. Ne3
{[%clk 01:23:13]} {[%emt 00:01:12]} Nd8 {[%clk 00:27:29]} {[%emt 00:03:18]} 18.
R1f5 {[%clk 01:20:15]} {[%emt 00:03:28]} c6 {[%clk 00:24:07]} {[%emt 00:03:52]}
19. Ng4 {[%clk 01:13:31]} {[%emt 00:07:14]} Rhg8 {[%clk 00:21:41]} {[%emt
00:02:55]} 20. Nxe5 {[%clk 01:13:20]} {[%emt 00:00:42]} Rg7 {[%clk 00:21:02]}
{[%emt 00:01:08]} 21. Nc4 {[%clk 01:09:01]} {[%emt 00:04:49]} Rg4 {[%clk
00:19:47]} {[%emt 00:01:46]} 22. Nd6 {[%clk 01:07:36]} {[%emt 00:01:54]} Rfg8
{[%clk 00:16:46]} {[%emt 00:03:31]} 23. g3 {[%clk 01:06:45]} {[%emt 00:01:22]}
R8g6 {[%clk 00:16:02]} {[%emt 00:01:13]} 24. e5 {[%clk 01:04:11]} {[%emt
00:03:05]} Rxf6 {[%clk 00:15:16]} {[%emt 00:01:15]} 25. Rxf6 {[%clk 01:04:33]}
{[%emt 00:00:09]} Rg5 {[%clk 00:14:59]} {[%emt 00:00:46]} 26. Nf5+ {[%clk
01:03:40]} {[%emt 00:01:23]} Kf8 {[%clk 00:13:49]} {[%emt 00:01:40]} 27. Kf2
{[%clk 01:02:43]} {[%emt 00:01:27]} Ne6 {[%clk 00:11:26]} {[%emt 00:02:53]} 28.
Nd6 {[%clk 00:46:34]} {[%emt 00:16:40]} Nd8 {[%clk 00:09:23]} {[%emt 00:02:33]}
29. Nxf7 {[%clk 00:44:24]} {[%emt 00:02:40]} Nxf7 {[%clk 00:08:11]} {[%emt
00:01:42]} 30. e6 {[%clk 00:44:47]} {[%emt 00:00:06]} Rb5 {[%clk 00:07:45]}
{[%emt 00:00:57]} 31. Rxf7+ {[%clk 00:45:06]} {[%emt 00:00:11]} Kg8 {[%clk
00:07:20]} {[%emt 00:00:54]} 32. b3 {[%clk 00:44:46]} {[%emt 00:00:50]} Rd5
{[%clk 00:07:35]} {[%emt 00:00:15]} 33. Rxb7 {[%clk 00:43:43]} {[%emt
00:01:33]} Rd2+ {[%clk 00:07:52]} {[%emt 00:04:59]} 34. Ke3 {[%clk 00:43:12]}
Rxa2 {[%clk 00:08:12]} 35. e7 {[%clk 00:43:15]} Kf7 {[%clk 00:08:15]} 36. e8=Q+
{[%clk 00:43:39]} Kxe8 {[%clk 00:08:35]} 37. Rxh7 {[%clk 00:44:04]} Ra3 {[%clk
00:08:39]} 38. Kd3 {[%clk 00:44:15]} Rxb3 {[%clk 00:08:46]} {[%emt 00:00:02]}
39. Rxa7 {[%clk 00:44:39]} Rb2 {[%clk 00:08:58]} {[%emt 00:00:02]} 40. Rh7
{[%clk 00:45:03]} Rg2 {[%clk 00:08:54]} {[%emt 00:00:05]} 41. Rh4 {[%clk
00:45:23]} {[%emt 00:00:01]} Ke7 {[%clk 00:08:51]} {[%emt 00:00:24]} 42. g4
{[%clk 00:45:32]} {[%emt 00:00:21]} Kf6 {[%clk 00:08:21]} {[%emt 00:00:59]} 43.
h3 {[%clk 00:45:51]} {[%emt 00:00:12]} Kg5 {[%clk 00:08:13]} {[%emt 00:00:38]}
44. Rh5+ {[%clk 00:45:54]} {[%emt 00:00:27]} Kg6 {[%clk 00:08:36]} {[%emt
00:00:07]} 45. Kd4 {[%clk 00:45:25]} {[%emt 00:00:58]} Rg3 {[%clk 00:08:29]}
{[%emt 00:00:38]} 46. c4 {[%clk 00:45:22]} {[%emt 00:00:33]} Rg2 {[%clk
00:08:22]} {[%emt 00:00:37]} 47. Kc5 {[%clk 00:45:24]} {[%emt 00:00:27]} Rc2
{[%clk 00:08:40]} {[%emt 00:00:12]} 48. h4 {[%clk 00:44:47]} {[%emt 00:01:08]}
Rc3 {[%clk 00:08:26]} {[%emt 00:00:44]} 49. Rg5+ {[%clk 00:44:41]} {[%emt
00:00:36]} Kf6 {[%clk 00:08:23]} {[%emt 00:00:32]} 50. Rf5+ {[%clk 00:45:02]}
{[%emt 00:00:10]} Kg6 {[%clk 00:08:34]} {[%emt 00:00:19]} 51. h5+ {[%clk
00:45:22]} {[%emt 00:00:10]} Kh6 {[%clk 00:08:50]} {[%emt 00:00:13]} 52. Rf6+
{[%clk 00:45:47]} {[%emt 00:00:05]} Kg5 {[%clk 00:08:53]} {[%emt 00:00:27]} 53.
Rg6 {[%clk 00:46:12]} {[%emt 00:00:06]} 1-0

[Event "ODJM A 2024"]
[Site "Willingen GER"]
[Date "2024.05.19"]
[Round "2"]
[White "Schulz, Dennis"]
[Black "Kieselbach, Jannik"]
[Result "1/2-1/2"]
[Termination "normal"]
[Board "20"]
[WhiteElo "1959"]
[BlackElo "2003"]
[WhiteClock "00:11:05"]
[BlackClock "00:02:35"]
[PlyCount "132"]
[WhiteFideId "16241231"]
[BlackFideId "16246403"]
[EventCountry "GER"]
[EventRounds "9"]
[EventType "swiss"]
[EventDate "2024.05.18"]

1. d4 {[%clk 01:30:54]} {[%emt 00:00:06]} Nf6 {[%clk 01:30:51]} {[%emt
00:00:09]} 2. Nf3 {[%clk 01:31:20]} {[%emt 00:00:04]} e6 {[%clk 01:30:51]}
{[%emt 00:00:29]} 3. c4 {[%clk 01:31:43]} {[%emt 00:00:07]} b6 {[%clk
01:31:04]} {[%emt 00:00:17]} 4. g3 {[%clk 01:32:07]} {[%emt 00:00:07]} Ba6
{[%clk 01:30:15]} {[%emt 00:01:19]} 5. Qc2 {[%clk 01:31:31]} {[%emt 00:01:06]}
c5 {[%clk 01:29:45]} {[%emt 00:00:59]} 6. Bg2 {[%clk 01:30:07]} {[%emt
00:01:55]} Nc6 {[%clk 01:28:44]} {[%emt 00:01:30]} 7. e3 {[%clk 01:21:59]}
{[%emt 00:08:38]} cxd4 {[%clk 01:29:07]} {[%emt 00:00:08]} 8. Nxd4 {[%clk
01:19:48]} {[%emt 00:02:42]} Nxd4 {[%clk 01:28:44]} {[%emt 00:00:52]} 9. exd4
{[%clk 01:20:10]} {[%emt 00:00:08]} Rc8 {[%clk 01:29:03]} {[%emt 00:00:11]} 10.
b3 {[%clk 01:19:55]} {[%emt 00:00:45]} d5 {[%clk 01:27:45]} {[%emt 00:01:48]}
11. Nd2 {[%clk 01:09:23]} {[%emt 00:11:02]} Bb4 {[%clk 01:25:27]} {[%emt
00:02:47]} 12. O-O {[%clk 01:02:24]} {[%emt 00:07:30]} O-O {[%clk 00:36:22]}
{[%emt 00:49:35]} 13. Rd1 {[%clk 01:01:06]} {[%emt 00:01:47]} Bxd2 {[%clk
00:29:00]} {[%emt 00:07:53]} 14. Qxd2 {[%clk 00:59:36]} {[%emt 00:01:59]} dxc4
{[%clk 00:28:38]} {[%emt 00:00:52]} 15. bxc4 {[%clk 01:00:05]} {[%emt
00:00:02]} Bxc4 {[%clk 00:27:24]} {[%emt 00:01:44]} 16. Qg5 {[%clk 00:58:39]}
{[%emt 00:01:55]} Bd5 {[%clk 00:24:25]} {[%emt 00:03:30]} 17. f3 {[%clk
00:57:08]} {[%emt 00:02:01]} Bb7 {[%clk 00:12:50]} {[%emt 00:12:04]} 18. Qh4
{[%clk 00:51:42]} {[%emt 00:05:57]} Qd5 {[%clk 00:09:07]} {[%emt 00:04:13]} 19.
Bg5 {[%clk 00:49:56]} {[%emt 00:02:16]} Rc2 {[%clk 00:02:59]} {[%emt 00:06:38]}
20. Rd3 {[%clk 00:50:25]} {[%emt 00:00:02]} Nd7 {[%clk 00:02:44]} {[%emt
00:00:44]} 21. Rad1 {[%clk 00:44:54]} {[%emt 00:06:00]} Qxa2 {[%clk 00:02:38]}
{[%emt 00:00:37]} 22. R3d2 {[%clk 00:45:05]} {[%emt 00:00:19]} Rxd2 {[%clk
00:02:45]} {[%emt 00:00:23]} 23. Rxd2 {[%clk 00:45:33]} {[%emt 00:00:01]} Qc4
{[%clk 00:02:29]} {[%emt 00:00:47]} 24. Bf1 {[%clk 00:45:30]} {[%emt 00:00:33]}
Qc8 {[%clk 00:01:01]} {[%emt 00:01:58]} 25. Bd3 {[%clk 00:45:30]} {[%emt
00:00:30]} f5 {[%clk 00:01:11]} {[%emt 00:00:20]} 26. Rc2 {[%clk 00:45:30]}
{[%emt 00:00:30]} Qe8 {[%clk 00:00:49]} {[%emt 00:00:52]} 27. Rc7 {[%clk
00:44:54]} {[%emt 00:01:06]} Bc8 {[%clk 00:01:10]} {[%emt 00:00:10]} 28. Rxa7
{[%clk 00:40:32]} {[%emt 00:05:22]} h6 {[%clk 00:01:00]} {[%emt 00:00:09]} 29.
Bd2 {[%clk 00:40:21]} {[%emt 00:00:41]} Qg6 {[%clk 00:00:48]} {[%emt 00:00:41]}
30. Bb4 {[%clk 00:39:36]} {[%emt 00:01:16]} Re8 {[%clk 00:00:54]} {[%emt
00:00:23]} 31. Bb5 {[%clk 00:19:46]} {[%emt 00:20:20]} f4 {[%clk 00:01:18]}
{[%emt 00:00:06]} 32. Bxd7 {[%clk 00:19:58]} {[%emt 00:00:19]} Bxd7 {[%clk
00:01:25]} {[%emt 00:00:22]} 33. Rxd7 {[%clk 00:20:16]} {[%emt 00:00:12]} Qb1+
{[%clk 00:01:49]} {[%emt 00:00:05]} 34. Kg2 {[%clk 00:20:40]} {[%emt 00:00:07]}
Qxb4 {[%clk 00:01:53]} {[%emt 00:00:27]} 35. Qxf4 {[%clk 00:20:58]} {[%emt
00:00:11]} Qf8 {[%clk 00:01:56]} {[%emt 00:00:27]} 36. Qc7 {[%clk 00:19:58]}
{[%emt 00:01:30]} b5 {[%clk 00:01:47]} {[%emt 00:00:39]} 37. Qc6 {[%clk
00:18:19]} {[%emt 00:02:09]} b4 {[%clk 00:02:01]} {[%emt 00:00:16]} 38. Rb7
{[%clk 00:18:27]} {[%emt 00:00:22]} Kh8 {[%clk 00:01:46]} {[%emt 00:00:45]} 39.
Qc4 {[%clk 00:15:40]} {[%emt 00:03:17]} Qf6 {[%clk 00:01:11]} {[%emt 00:01:04]}
40. Qxb4 {[%clk 00:13:29]} {[%emt 00:06:17]} Rd8 {[%clk 00:00:53]} 41. Rb8
{[%clk 00:11:08]} {[%emt 00:00:16]} Rxb8 {[%clk 00:27:28]} {[%emt 00:03:43]}
42. Qxb8+ {[%clk 00:41:23]} {[%emt 00:00:16]} Kh7 {[%clk 00:27:53]} {[%emt
00:00:03]} 43. Qe5 {[%clk 00:41:31]} {[%emt 00:00:24]} Qf7 {[%clk 00:27:51]}
{[%emt 00:00:31]} 44. h4 {[%clk 00:39:44]} {[%emt 00:02:18]} Qd7 {[%clk
00:26:58]} {[%emt 00:01:22]} 45. h5 {[%clk 00:38:34]} {[%emt 00:01:40]} Qc8
{[%clk 00:23:33]} {[%emt 00:03:55]} 46. Qc5 {[%clk 00:37:00]} {[%emt 00:02:04]}
Qa6 {[%clk 00:20:26]} {[%emt 00:03:38]} 47. Qc2+ {[%clk 00:35:04]} {[%emt
00:02:26]} Kh8 {[%clk 00:20:37]} {[%emt 00:00:18]} 48. g4 {[%clk 00:35:07]}
{[%emt 00:00:27]} Kg8 {[%clk 00:14:02]} {[%emt 00:07:05]} 49. Qe4 {[%clk
00:34:17]} {[%emt 00:01:20]} Kh8 {[%clk 00:13:25]} {[%emt 00:01:06]} 50. Kg3
{[%clk 00:34:01]} {[%emt 00:00:47]} Qd6+ {[%clk 00:09:36]} {[%emt 00:04:19]}
51. f4 {[%clk 00:32:52]} {[%emt 00:03:55]} Qa3+ {[%clk 00:08:12]} {[%emt
00:00:25]} 52. Qf3 {[%clk 00:33:21]} Qd6 {[%clk 00:07:05]} {[%emt 00:00:51]}
53. Qa8+ {[%clk 00:29:15]} {[%emt 00:04:36]} Kh7 {[%clk 00:07:25]} {[%emt
00:00:10]} 54. Qe4+ {[%clk 00:29:41]} {[%emt 00:00:04]} Kh8 {[%clk 00:07:37]}
{[%emt 00:00:17]} 55. Kh4 {[%clk 00:25:44]} {[%emt 00:04:28]} Kg8 {[%clk
00:06:01]} {[%emt 00:02:05]} 56. g5 {[%clk 00:24:38]} {[%emt 00:01:37]} hxg5+
{[%clk 00:05:37]} {[%emt 00:00:53]} 57. Kxg5 {[%clk 00:23:36]} {[%emt
00:01:32]} Qd8+ {[%clk 00:05:42]} {[%emt 00:00:25]} 58. Kg4 {[%clk 00:23:56]}
{[%emt 00:00:11]} Qd7 {[%clk 00:04:23]} {[%emt 00:01:49]} 59. Qe5 {[%clk
00:22:13]} {[%emt 00:02:13]} Qc6 {[%clk 00:04:15]} {[%emt 00:00:38]} 60. Qb8+
{[%clk 00:14:05]} {[%emt 00:08:38]} Kh7 {[%clk 00:03:55]} {[%emt 00:00:49]} 61.
Qb2 {[%clk 00:14:31]} {[%emt 00:00:05]} Qd5 {[%clk 00:03:45]} {[%emt 00:00:39]}
62. Qc2+ {[%clk 00:14:00]} {[%emt 00:01:06]} Kg8 {[%clk 00:02:24]} {[%emt
00:04:29]} 63. h6 {[%clk 00:12:50]} {[%emt 00:00:07]} Qxd4 {[%clk 00:01:45]}
{[%emt 00:00:06]} 64. Qc8+ {[%clk 00:12:53]} {[%emt 00:00:21]} Kh7 {[%clk
00:02:00]} {[%emt 00:00:15]} 65. hxg7 {[%clk 00:10:50]} {[%emt 00:02:34]} Qxg7+
{[%clk 00:02:19]} {[%emt 00:00:10]} 66. Kf3 {[%clk 00:11:05]} {[%emt 00:00:16]}
Qf6 {[%clk 00:02:35]} {[%emt 00:00:13]} 1/2-1/2

[Event "ODJM A 2024"]
[Site "Willingen GER"]
[Date "2024.05.19"]
[Round "2"]
[White "Beyer, Lorenz"]
[Black "Mainka, Ingmar"]
[Result "1/2-1/2"]
[Termination "normal"]
[Board "21"]
[WhiteElo "1956"]
[BlackElo "1879"]
[WhiteClock "00:43:48"]
[BlackClock "00:36:53"]
[PlyCount "51"]
[WhiteFideId "16245393"]
[BlackFideId "16254937"]
[EventCountry "GER"]
[EventRounds "9"]
[EventType "swiss"]
[EventDate "2024.05.18"]

1. e4 {[%clk 01:30:56]} {[%emt 00:00:02]} c5 {[%clk 01:30:54]} {[%emt
00:00:07]} 2. Nf3 {[%clk 01:31:21]} {[%emt 00:00:05]} Nc6 {[%clk 01:31:21]}
{[%emt 00:00:03]} 3. Bc4 {[%clk 01:31:47]} {[%emt 00:00:04]} d6 {[%clk
01:29:28]} {[%emt 00:02:23]} 4. O-O {[%clk 01:31:33]} {[%emt 00:00:43]} Nf6
{[%clk 01:28:56]} {[%emt 00:01:03]} 5. d3 {[%clk 01:29:51]} {[%emt 00:02:12]}
e6 {[%clk 01:28:02]} {[%emt 00:01:25]} 6. Re1 {[%clk 01:29:50]} {[%emt
00:00:30]} Be7 {[%clk 01:28:08]} {[%emt 00:00:25]} 7. c3 {[%clk 01:28:40]}
{[%emt 00:01:39]} O-O {[%clk 01:26:45]} {[%emt 00:01:52]} 8. Bb3 {[%clk
01:29:04]} {[%emt 00:00:07]} b6 {[%clk 01:16:15]} {[%emt 00:11:00]} 9. Nbd2
{[%clk 01:29:25]} {[%emt 00:00:10]} Bb7 {[%clk 01:15:59]} {[%emt 00:00:46]} 10.
Nf1 {[%clk 01:29:24]} {[%emt 00:00:30]} h6 {[%clk 01:10:38]} {[%emt 00:05:51]}
11. Ng3 {[%clk 01:28:09]} {[%emt 00:01:45]} Nh7 {[%clk 01:10:25]} {[%emt
00:00:43]} 12. d4 {[%clk 01:24:13]} {[%emt 00:04:26]} Na5 {[%clk 01:09:32]}
{[%emt 00:01:23]} 13. Bc2 {[%clk 01:24:19]} {[%emt 00:00:24]} Ng5 {[%clk
01:09:34]} {[%emt 00:00:27]} 14. Nxg5 {[%clk 01:19:43]} {[%emt 00:05:06]} Bxg5
{[%clk 01:09:58]} {[%emt 00:00:07]} 15. f4 {[%clk 01:16:29]} {[%emt 00:03:44]}
Bh4 {[%clk 01:10:06]} {[%emt 00:00:22]} 16. Qg4 {[%clk 01:16:33]} {[%emt
00:00:25]} Bxg3 {[%clk 01:07:47]} {[%emt 00:02:50]} 17. hxg3 {[%clk 01:15:50]}
{[%emt 00:01:13]} cxd4 {[%clk 01:07:22]} {[%emt 00:00:56]} 18. cxd4 {[%clk
01:15:26]} {[%emt 00:00:53]} Rc8 {[%clk 01:04:25]} {[%emt 00:03:27]} 19. Bd3
{[%clk 01:15:18]} {[%emt 00:00:38]} Nc6 {[%clk 01:03:48]} {[%emt 00:01:07]} 20.
f5 {[%clk 01:06:16]} {[%emt 00:09:31]} Qf6 {[%clk 01:03:46]} {[%emt 00:00:32]}
21. e5 {[%clk 01:06:16]} {[%emt 00:00:31]} dxe5 {[%clk 01:03:00]} {[%emt
00:01:16]} 22. fxe6 {[%clk 01:04:40]} {[%emt 00:02:06]} fxe6 {[%clk 01:02:38]}
{[%emt 00:00:52]} 23. Rf1 {[%clk 01:04:33]} {[%emt 00:00:37]} Qe7 {[%clk
01:00:56]} {[%emt 00:02:11]} 24. Bxh6 {[%clk 01:02:32]} {[%emt 00:02:32]} Nxd4
{[%clk 01:00:48]} {[%emt 00:00:38]} 25. Be3 {[%clk 00:48:52]} {[%emt 00:14:09]}
Nf5 {[%clk 00:36:53]} {[%emt 00:24:26]} 26. Bxf5 {[%clk 00:43:48]} {[%emt
00:05:34]} 1/2-1/2

[Event "ODJM A 2024"]
[Site "Willingen GER"]
[Date "2024.05.19"]
[Round "2"]
[White "Weigand, Anton"]
[Black "Sundui, Chinguun"]
[Result "1/2-1/2"]
[Termination "normal"]
[Board "22"]
[WhiteElo "2091"]
[BlackElo "1895"]
[WhiteClock "00:08:20"]
[BlackClock "00:30:29"]
[PlyCount "56"]
[WhiteFideId "16221915"]
[BlackFideId "4907930"]
[EventCountry "GER"]
[EventRounds "9"]
[EventType "swiss"]
[EventDate "2024.05.18"]

1. e4 {[%clk 01:30:52]} {[%emt 00:00:06]} c5 {[%clk 01:30:55]} {[%emt
00:00:08]} 2. c3 {[%clk 01:31:14]} {[%emt 00:00:06]} g6 {[%clk 01:31:22]}
{[%emt 00:00:04]} 3. d4 {[%clk 01:31:21]} {[%emt 00:00:23]} cxd4 {[%clk
01:31:45]} {[%emt 00:00:07]} 4. cxd4 {[%clk 01:31:47]} {[%emt 00:00:03]} d5
{[%clk 01:32:10]} {[%emt 00:00:05]} 5. e5 {[%clk 01:32:06]} {[%emt 00:00:10]}
Nc6 {[%clk 01:32:30]} {[%emt 00:00:11]} 6. Bb5 {[%clk 01:31:30]} {[%emt
00:01:06]} Nh6 {[%clk 01:32:32]} {[%emt 00:00:28]} 7. Bxc6+ {[%clk 01:30:57]}
{[%emt 00:01:03]} bxc6 {[%clk 01:32:56]} {[%emt 00:00:07]} 8. Nf3 {[%clk
01:29:31]} {[%emt 00:01:55]} Qa5+ {[%clk 01:32:10]} {[%emt 00:01:16]} 9. Nc3
{[%clk 01:24:09]} {[%emt 00:05:53]} Ba6 {[%clk 01:28:57]} {[%emt 00:03:42]} 10.
Bd2 {[%clk 01:16:29]} {[%emt 00:08:10]} Qb6 {[%clk 01:20:37]} {[%emt 00:08:51]}
11. Na4 {[%clk 01:08:35]} {[%emt 00:08:23]} Qb5 {[%clk 01:16:35]} {[%emt
00:04:33]} 12. Nc5 {[%clk 01:08:52]} {[%emt 00:00:12]} e6 {[%clk 01:13:41]}
{[%emt 00:03:24]} 13. a4 {[%clk 01:04:46]} {[%emt 00:04:36]} Qb6 {[%clk
01:13:34]} {[%emt 00:00:38]} 14. Ra3 {[%clk 01:00:39]} {[%emt 00:04:36]} Bc4
{[%clk 01:08:59]} {[%emt 00:05:05]} 15. b3 {[%clk 00:53:18]} {[%emt 00:07:52]}
Ba6 {[%clk 01:08:21]} {[%emt 00:01:07]} 16. b4 {[%clk 00:49:39]} {[%emt
00:04:09]} Nf5 {[%clk 01:06:27]} {[%emt 00:02:25]} 17. g4 {[%clk 00:48:20]}
{[%emt 00:01:48]} Ng7 {[%clk 01:06:07]} {[%emt 00:00:50]} 18. Qc2 {[%clk
00:24:55]} {[%emt 00:23:55]} Bc4 {[%clk 01:01:02]} {[%emt 00:05:35]} 19. Nh4
{[%clk 00:17:42]} {[%emt 00:07:43]} Rb8 {[%clk 00:55:42]} {[%emt 00:05:50]} 20.
a5 {[%clk 00:14:39]} {[%emt 00:03:33]} Qb5 {[%clk 00:54:11]} {[%emt 00:02:01]}
21. Ng2 {[%clk 00:13:31]} {[%emt 00:01:38]} Bxc5 {[%clk 00:52:29]} {[%emt
00:02:12]} 22. dxc5 {[%clk 00:13:52]} {[%emt 00:00:09]} Qb7 {[%clk 00:48:28]}
{[%emt 00:04:31]} 23. Ne3 {[%clk 00:13:14]} {[%emt 00:01:08]} Bb5 {[%clk
00:47:01]} {[%emt 00:01:58]} 24. Qc3 {[%clk 00:12:39]} {[%emt 00:01:03]} Qe7
{[%clk 00:44:20]} {[%emt 00:03:12]} 25. Nc2 {[%clk 00:12:42]} {[%emt 00:00:27]}
h5 {[%emt 00:01:35]} 26. g5 {[%clk 00:07:36]} {[%emt 00:05:34]} Nf5 {[%clk
00:35:08]} {[%emt 00:11:33]} 27. Nd4 {[%clk 00:07:57]} Nxd4 {[%clk 00:34:12]}
{[%emt 00:00:02]} 28. Qxd4 {[%clk 00:08:20]} Kd7 {[%clk 00:30:29]} {[%emt
00:02:58]} 1/2-1/2